000 00402nmm a2200145Ia 4500
008 251105s9999||||xx |||||||||||||||||und||
041 _aspa
100 _aUrian, Elizabeth
245 0 _aLas feas también los enamoran
264 _a[Madrid, España] :
_bEdiciones B,
_c2017
300 _a472 páginas
650 _aRomance
856 _uhttps://public.digitaliapublishing.com/a/54496
942 _cCF
999 _c106440
_d106440